Science Quiz

Random Science or Geology Quiz

Types of Volcanoes Quiz Stats

 Plays Quiz Updated Feb 7, 2015

Also try: Taxonomic Ranks
Challenge
Share
Tweet
Embed
Score 0/5 Timer 04:00
0 Plays Today
Description Type % Correct
Built by many layers of runny lavaShield
84.5%
Alternating layers of lava and rock fragmentsComposite
75.3%
Steep, conical hill formed by a ventCinder Cone
54.6%
Consists of two or more ventsComplex
23.1%
Accumulations of fluid hot clots focused on an individual ventSpatter Cone
16.2%

You're not logged in!

Compare scores with friends on all Sporcle quizzes.
OR
Log In

You Might Also Like...

Show Comments

Extras

Top Quizzes Today


Score Distribution

Your Account Isn't Verified!

In order to create a playlist on Sporcle, you need to verify the email address you used during registration. Go to your Sporcle Settings to finish the process.

Report this User

Report this user for behavior that violates our Community Guidelines.

Details: